000 01446nam a2200337 i 4500
003 EG-ScBUE
005 20240707105614.0
008 100610s1991 ua f 000 0 eara d
017 _a1990 / 8857
020 _a9770800821
040 _aEG-ScBUE
_bara
_erda
_cEG-ScBUE
_dEG-ScBUE
043 _af-ua---
082 0 4 _222
_a962.048
_bأ م ي
100 1 _914654
_aأمين، مصطفى،
_d1914-1997‏،
_eمؤلف.
245 1 2 _aالكتاب الممنوع :
_bأسرار ثورة 1919 /
_cمصطفى أمين ؛ مشرف على التحرير جمال الغيطاني.
264 1 _aالقاهرة :
_bأخبار اليوم،
_c1991.
300 _a2 مجلدات ؛
_c24 سم.
336 _2rdacontent
_aنص
_btxt
337 _aبدون وسيط
_2rdamedia
_bn
338 _aمجلد
_bnc
_2rdacarrier
490 0 _aمطبوعات كتاب اليوم ؛
_vع 5
500 _aيتضمن عدد من الوثائق الخطية لسعد زغلول وآخرين.
505 1 _aالجزء الثاني.
541 _cإهداء ؛
_aعلاء عبد الغني.
600 1 7 _914752
_aزغلول، سعد
_d1857-1927.
_2BUEsh
651 7 _911380
_aمصر
_xتاريخ
_yالعصر الحديث
_yالاحتلال البريطاني 1882-1956.
_2BUEsh
651 7 _914751
_aمصر
_xتاريخ
_yالعصر الحديث
_yثورة 1919.
_2BUEsh
655 _vReading book
700 1 _913713
_aغيطاني، جمال،
_eمشرف.
942 _2ddc
_cBB
999 _c14069
_d14069